| 000 | 01525cam a22003375a 4500 | ||
|---|---|---|---|
| 001 | ocn290580292 | ||
| 003 | OSt | ||
| 005 | 20170320114432.0 | ||
| 008 | 070502s2007 enkb frb 001 0 eng d | ||
| 020 | _z9781845114763 | ||
| 020 | _z1845114760 | ||
| 035 | _a(OCoLC)ocn290580292 | ||
| 040 |
_aCaPaEBR _beng _cCOCUF _dOCLCQ _dN$T _dIUL _dEG-ScBUE |
||
| 043 |
_afb----- _af-rh--- _af-sg--- |
||
| 082 | 0 | 4 |
_a378.1981096 _bZEI _222 |
| 100 | 1 | _aZeilig, Leo. | |
| 245 | 1 | 0 |
_aRevolt and protest : _bstudent politics and activism in sub-Saharan Africa / _cLeo Zeilig. |
| 260 |
_aLondon : _bTauris Academic Studies / I. B. Tauris, _c2007. |
||
| 300 |
_axxiii, 336 p. : _bmaps ; _c24 cm. |
||
| 490 | 0 |
_aInternational library of African studies ; _v20 |
|
| 504 | _aIncludes bibliographical references (p. 274-326) and index. | ||
| 505 | 0 | _aPolitics, students and protest : the making of the student intelligentsia -- Contemporary student activism in sub-Saharan Africa -- Reform, revolt and student activism in Zimbabwe -- Political change and student resistance in Senegal -- Students of the transition speak : the meaning of student protest. | |
| 650 | 7 |
_aStudents _xPolitical activity _zAfrica, Sub-Saharan. _2BUEsh |
|
| 650 | 7 |
_aStudent movements _zAfrica, Sub-Saharan. _2BUEsh |
|
| 650 | 7 |
_aCollege students _zAfrica, Sub-Saharan _xPolitical activity. _2BUEsh |
|
| 650 | 7 |
_aStudent movements _zZimbabwe. _2BUEsh |
|
| 650 | 7 |
_aStudent movements _zSenegal. _2BUEsh |
|
| 651 | _2BUEsh | ||
| 653 |
_bBUSBOL _cMarch2017 |
||
| 942 | _2ddc | ||
| 999 |
_c24479 _d24451 |
||